Handmade Graphics : Tools and Techniques beyond the Mouse /

Obra en que exploran las posibilidades de trabajos gráficos hechos a mano, particularmente en lo relativo a las texturas y el uso de la tercera dimensión. No se opone al uso de la computadora como apoyo al proceso creativo y a la divulgación del producto ya terminado, pero su intención es incentivar...

Disgrifiad llawn

Wedi'i Gadw mewn:
Manylion Llyfryddiaeth
Prif Awdur: Wray, Anna (autor)
Fformat: Llyfr
Iaith:Saesneg
Cyhoeddwyd: Cincinnati, EUA : How Books, 2009, c2009
Pynciau:
Tagiau: Ychwanegu Tag
Dim Tagiau, Byddwch y cyntaf i dagio'r cofnod hwn!

MARC

LEADER 00000nam^a2200000^a^4500
001 000316143
005 20250521000000.0
009 20260310113306.063
020 |a 978-1-60061-800-0 
037 |a Acervo ITESO - Biblioteca 
041 |a ING 
082 |a 741. 2  |b WRA 
100 |a Wray, Anna  |e (autor) 
245 1 0 |a Handmade Graphics :  |b Tools and Techniques beyond the Mouse /  |c A. Wray. 
264 4 |a Cincinnati, EUA :  |b How Books,  |c 2009, c2009 
300 |a 175 p. 
336 |a texto  |b txt  |2 rdacontenido 
337 |a sin mediación  |b n  |2 rdamedio 
338 |a volumen  |b nc  |2 rdasoporte 
520 |a Obra en que exploran las posibilidades de trabajos gráficos hechos a mano, particularmente en lo relativo a las texturas y el uso de la tercera dimensión. No se opone al uso de la computadora como apoyo al proceso creativo y a la divulgación del producto ya terminado, pero su intención es incentivar los métodos tradicionales de diseño. 
649 |a XX 
650 |a Bordado y Labores de Aguja -  |x Técnica 
650 |a Pintura Mural -  |x Técnica 
650 |a Collage -  |x Técnica 
650 |a Pintura -  |x Técnica 
650 |a Impresión -  |x Técnica 
650 |a Diseño -  |x Técnica 
650 |a Diseño -  |x Técnica -  |x Tema Principal 
910 |a Fondo General 
920 |a Impresos - Libros 
930 |a Colección General 
905 |a 101 
901 |a 0500202815  |b IT1  |c ACC  |i C129886  |u 20250521 
902 |a https://opac.biblio.iteso.mx/vufind/Record/000316143